Supernovas /
La supernova es una explosión estelar, resultado de la muerte espectacular de una estrella. Conoceremos a los mejores cazadores de supernovas del mundo y veremos grabaciones de supernovas realizadas a lo largo de la historia. El trabajo de estas personas es averiguar dónde, por qué y cómo se produce...
Guardado en:
| Autor Principal: | |
|---|---|
| Autor Corporativo: | |
| Formato: | |
| Publicado: |
Estados Unidos,
2007
|
| Series: | El Universo
|
| Materias: | |
| Etiquetas: |
Agregar Etiqueta
Sin Etiquetas, Sea el primero en etiquetar este registro!
|
| LEADER | 01150ngm a22002895g 4500 | ||
|---|---|---|---|
| 001 | CEM.cems023227 | ||
| 008 | 130507s2007##################0###0#####d | ||
| 005 | 20250219200938.0 | ||
| 245 | 1 | 0 | |a Supernovas / |c Douglas Cohen. |
| 260 | |a Estados Unidos, |c 2007 | ||
| 300 | |a 45'. | ||
| 490 | 0 | |a El Universo | |
| 500 | |a Consultar en ventanilla. | ||
| 538 | |a Soporte: DVD - Color: Si - Grabación DRD. | ||
| 590 | |a Identificación anterior registrada en SIABUC: DVD Nº100 | ||
| 520 | |a La supernova es una explosión estelar, resultado de la muerte espectacular de una estrella. Conoceremos a los mejores cazadores de supernovas del mundo y veremos grabaciones de supernovas realizadas a lo largo de la historia. El trabajo de estas personas es averiguar dónde, por qué y cómo se producen las supernovas. | ||
| 100 | 1 | |a Cohen, Douglas | |
| 710 | 2 | |a History Channel. | |
| 082 | 5 | 2 | |/ COH-2.2 |
| 653 | |a ASTRONOMÍA | ||
| 653 | |a ESTRELLAS | ||
| 653 | |a SUPERNOVAS | ||
| 653 | |a GALAXIAS | ||
| 653 | |a NIVEL SECUNDARIO | ||
| 653 | |a SERIE | ||
| 653 | |a DOCUMENTAL | ||
| 859 | |a CEMS |b BIB. CEMS - Depto. Recursos Didacticos |h 520 |i COH-2.2 |k DRD |p 1870.13 |t Ej.1 | ||
